000 00330nam a22001457a 4500
003 SGT
020 _a978-81-312-6967-1
082 _a612
_bHAL
100 _aHALL, JOHN E.
245 _aTEXTBOOK OF MEDICAL PHYSIOLOGY
260 _aINDIA
_bELSEVIER
_c2025
300 _a1146
650 _aMEDICAL PHYSIOLOGY
942 _2ddc
_cBK
999 _c32968
_d32968